000 00405 a2200169 4500
001 2376
005 20140414131928.0
020 _a983-9072-38-2
050 _aER
_bSn6 1997
245 0 0 _aSnow White and the seven dwarfs.
260 _aMalaysia :
_bMecron,
_c1997.
300 _ap. : ill. ; cm.
440 0 _aWell Loved Tales
650 4 _aFairy tales.
650 4 _aChildren stories.
999 _c112115
_d112115